Mathematics : problem solving through recreational mathematics

Αποθηκεύτηκε σε:
Λεπτομέρειες βιβλιογραφικής εγγραφής
Κύριος συγγραφέας: Averbach, Bonnie 1933-
Άλλοι συγγραφείς: Chein, Orin 1943-
Μορφή: Βιβλίο
Γλώσσα:English
Δημοσίευση: San Francisco : W.H. Freeman, 1980
Σειρά:A series of books in mathematical sciences
Θέματα:
Ετικέτες: Προσθήκη ετικέτας
Δεν υπάρχουν, Καταχωρήστε ετικέτα πρώτοι!

MARC

LEADER 00000nam a2200000 i 4500
001 1/74135
008 960725s1980 eng d
020 |a 0-7167-1124-9 
035 |a 1987  |c Αγορά  |l 10031713 
040 |a GR-MY-UA  |b gre  |e aacr 
041 0 |a eng 
082 0 |a 510 
100 1 |a Averbach, Bonnie  |d 1933- 
245 1 0 |a Mathematics :  |b problem solving through recreational mathematics /  |c Bonnie Averbach, Opin Chein 
260 |a San Francisco :   |b W.H. Freeman,   |c 1980 
300 |a 400 p. 
490 1 |a A series of books in mathematical sciences 
650 0 0 |a Mathematics. 
650 0 0 |a Mathematical recreations. 
650 0 0 |a Problem solving. 
700 1 |a Chein, Orin  |d 1943- 
830 0 |a A series of books in mathematical sciences 
852 |a INST  |b RHODES  |e 19960725  |h 510 AVE  |p 005400001346  |q 005400001346  |t BK  |y 4  |x 20040923 
909 |a Ρ  |b 008057  |c 1987